| 000 | 00552nam a2200145Ia 4500 | ||
|---|---|---|---|
| 008 | 100122s9999 xx 000 0 und d | ||
| 082 |
_b12657 _a922.94 |
||
| 100 | _aतुळपुळे ग वि | ||
| 245 | _aतुकाराम भक्तीचा डांगोरा | ||
| 260 |
_bगणपती संस्थान प्रेस _c1962 |
||
| 300 | _a156 | ||
| 630 | _aतुकाराम भक्तीचा डांगोरा | ||
| 730 | _aतुकाराम भक्तीचा डांगोरा | ||
| 942 | _cBOOK | ||
| 999 |
_c403760 _d403757 |
||